000 00638nam a2200277Ia 4500
005 20260324142605.0
008 008 260324s9999 xx 000 0 eng d
020 _a9781003067207
037 _aEBOOK
040 _aCRL
040 _beng
040 _cCRL
041 _2eng
041 _aeng
084 _qCRL
100 _aStuart Nagel
245 0 _aEncyclopedia of Policy Studies, Second Edition
260 _bTaylor and Francis
260 _c1994
365 _a
365 _b390
856 _uhttp://www.taylorfrancis.com/books/9781003067207
942 _cEBOOK
999 _c1816873
_d1816873